| 000 | 01173cam a22003497a 4500 | ||
|---|---|---|---|
| 003 | CHAP | ||
| 005 | 20220329142126.0 | ||
| 008 | 990831d1998 es a r 00110 spa d | ||
| 010 | _a78845 | ||
| 011 | _a79817 | ||
| 020 | _a8471147262 | ||
| 035 | _a90229 | ||
| 040 | _cCHAP | ||
| 082 | 0 | 4 |
_a631.372 _bG55 1998 |
| 100 | 0 | 0 |
_aGil Sierra, Jacinto. _947951 |
| 245 | 1 | 0 |
_aElementos hidráulicos en los tractores y máquinas agrícolas _c/por Jacinto Gil Sierra |
| 250 | _a2 ed. rev. amp. | ||
| 260 |
_aMadrid : _bMundi-Prensa, _c1998. |
||
| 300 |
_a194 p. : _bilus. |
||
| 590 |
_aBATCH-UPD _b10 _c20130110 _lUCH01 _h0915 |
||
| 590 |
_aBATCH-UPD _b10 _c20130410 _lUCH01 _h0538 |
||
| 590 |
_aBATCH-UPD _b10 _c20130914 _lUCH01 _h1547 |
||
| 590 |
_aCONVERSION _b10 _c20130109 _lUCH01 _h1344 |
||
| 650 | 1 | 4 |
_aHidráulica. _955219 |
| 650 | 1 | 4 |
_aMotores agrícolas. _979096 |
| 650 | 1 | 4 |
_aTractores. _9114574 |
| 901 | _aBK | ||
| 905 | _aGuadalupe Pinto C. | ||
| 942 | _cLIBRO | ||
| 949 |
_a631.372 G55 1998 _bBC _cLIBRO _d33724000737821 _eLIBRO _gI.199017 _h96134 _i90229 _si _t$206.00 |
||
| 949 |
_a631.372 G55 1998 _bBC _cLIBRO _d33724000847034 _eLIBRO _fc.2 _gI.c/e _h101980 _i90229 _si _t$206.55 |
||
| 999 |
_c78845 _d78845 |
||